000 00748cam a2200241 4500
008 090401t1995 xxu||||| |||| 00| 0 eng d
020 _a1860810500
035 _a(Sirsi) u59888
041 _aeng
050 _a690
110 _aBuilding Research Establishment
245 _aAssessing external rendering for replacement or repair.
260 _aGarston, Watford
_bBuilding Research Establishment
_c1995
300 _a4p. : ill. ; 30cm.
350 _a0
490 _aGood Building Guide
_v23
650 _aEXTERNAL RENDERING
650 _aRENDERING
650 _aBUILT ENVIRONMENT-BUILDING ELEMENTS-COMPLETE BUILDING ELEMENTS-WALLS
690 _aBUILDING AND CONSTRUCTION-REPAIRS AND MAINTENANCE
942 _n0
948 _c04/03/1997
999 _c94183
_d94183